Statistics for School Districts in Montgomery County, Pennsylvania - Map Quiz

Click here to take the quiz!

General Stats

  • This quiz has been taken 3 times
  • The average score is 13 of 23

Answers on the Map

Answers color-coded by a green-red scale on the quiz's map according to % correct below.
 

Answer Stats

Answer% Correct
Boyertown Area
100%
Methacton
100%
North Penn
100%
Pottstown
100%
Wissahickon
100%
Abington
50%
Cheltenham Township
50%
Colonial
50%
Hatboro-Horsham
50%
Jenkintown
50%
Lower Moreland Township
50%
Norristown Area
50%
Perkiomen Valley
50%
Pottsgrove
50%
Souderton Area
50%
Springfield Township
50%
Spring-Ford Area
50%
Upper Dublin
50%
Upper Merion Area
50%
Upper Perkiomen
50%
Bryn Athyn
0%
Lower Merion
0%
Upper Moreland Township
0%

Score Distribution

Percentile by Number Answered

Percent of People with Each Score

Your Score History

You have not taken this quiz